000 01332nam a2200337 a 4500
001 ebr10529589
003 CaPaEBR
006 m u
007 cr cn|||||||||
008 120223s2012 enka sb 001 0 eng d
020 _z9781855757790
020 _z9781849407588 (e-book)
040 _aCaPaEBR
_cCaPaEBR
035 _a(OCoLC)774271205
050 1 4 _aBF175.5.P75
_bT73 2012eb
245 0 0 _aTrauma and organizations
_h[electronic resource] /
_cedited by Earl Hopper.
260 _aLondon :
_bKarnac,
_c2012.
300 _ali, 284 p. :
_bill.
490 1 _aNew international library of group analysis
504 _aIncludes bibliographical references and index.
505 0 _apt. 1. Processes and systems -- pt. 2. Leaders and leadership.
533 _aElectronic reproduction.
_bPalo Alto, Calif. :
_cebrary,
_d2011.
_nAvailable via World Wide Web.
_nAccess may be limited to ebrary affiliated libraries.
650 0 _aPsychic trauma.
650 0 _aGroup psychotherapy.
650 0 _aGroup psychoanalysis.
655 7 _aElectronic books.
_2local
700 1 _aHopper, Earl.
710 2 _aebrary, Inc.
830 0 _aNew international library of group analysis series.
856 4 0 _uhttp://site.ebrary.com/lib/rucke/Doc?id=10529589
_zAn electronic book accessible through the World Wide Web; click to view
999 _c233240
_d233240